Central Library OPAC University of Rajshahi

Commonwealth or anarchy : (Record no. 27741)

MARC details
000 -LEADER
fixed length control field 00835nam a22002412a 4500
001 - CONTROL NUMBER
control field 27741
003 - CONTROL NUMBER IDENTIFIER
rucl marc code BD-RjUL
005 - DATE AND TIME OF LATEST TRANSACTION
control field 20211209051209.0
008 - FIXED-LENGTH DATA ELEMENTS--GENERAL INFORMATION
fixed length control field 140327s1939 uk 000 0 eng u
035 ## - SYSTEM CONTROL NUMBER
System control number (BD-RjUL)27820
040 ## - CATALOGING SOURCE
Original cataloging agency TOL
Modifying agency OCL
-- CUR
-- EQO
Language of cataloging eng
Transcribing agency BD-RjUL
041 ## - LANGUAGE CODE
Language code of text/sound track or separate title eng
082 ## - DEWEY DECIMAL CLASSIFICATION NUMBER
Classification number 940
Author mark and year MAC 1939
090 ## - LOCALLY ASSIGNED LC-TYPE CALL NUMBER (OCLC); LOCAL CALL NUMBER (OCLC)
Classification number (OCLC) (R) ; Classification number, CALL (RLIN) (NR) JX1938
Local cutter number (OCLC) ; Book number/undivided call number, CALL (RLIN) .M37
100 1# - MAIN ENTRY--PERSONAL NAME
Personal name Marriott, J. A. R.
Fuller form of name (John Arthur Ransome),
Dates associated with a name 1859-1945.
9 (RLIN) 14530
245 10 - TITLE STATEMENT
Title Commonwealth or anarchy :
Remainder of title A survey of projects of peace from the sixteenth to the twentieth century /
Statement of responsibility, etc. by Sir John A. R. Marriott ...
260 ## - PUBLICATION, DISTRIBUTION, ETC. (IMPRINT)
Place of publication, distribution, etc. New York :
Name of publisher, distributor, etc. Columbia University Press,
Date of publication, distribution, etc. 1939
300 ## - PHYSICAL DESCRIPTION
Pagination 227 p. :
Size 19 cm.
Illustrations ill. ;
650 #0 - SUBJECT ADDED ENTRY--TOPICAL TERM
Topical term or geographic name as entry element Peace
9 (RLIN) 85161
Topical term or geographic name as entry element International law and relations
General subdivision History
9 (RLIN) 85162
942 ## - ADDED ENTRY ELEMENTS (KOHA)
Source of classification or shelving scheme Dewey Decimal Classification
Koha item type Books
Holdings
Lost status Source of classification or shelving scheme Damaged status Not for loan Collection code Permanent Location Current Location Shelving location Date acquired Source of acquisition Total Checkouts Full call number Date last seen Copy number Koha item type
  Dewey Decimal Classification   Added to bundle Non-fiction Central Library, University of Rajshahi Central Library, University of Rajshahi Reading Room 22/03/1956 asia foundation   940 MAC 1939 27/03/2014 C-1 Books
  Dewey Decimal Classification     Non-fiction Central Library, University of Rajshahi Central Library, University of Rajshahi   22/08/1956 asia foundation   940 MAC 1939 27/03/2014 C-3 Books